000 00746nam a22002175i 4500
001 171804
003 ES-MaACL
005 20231228210332.0
008 090601s1964 sp |||| | spa d
080 _a821.134.2 Solís Ramón 7.Cádiz de las Cortes 06
100 1 _aSolís, Ramón,
_d1923-1978
_9107215
245 1 0 _aGenésis de una novela histórica /
_cRamón Solís.
260 _aCeuta :
_bInstituto Nacional de Enseñanza Media,
_c1964.
300 _a55 p. ;
_c15 cm.
490 1 _aAula magna ;
_v6
710 2 _aInstituto Nacional de Enseñanza Media de Ceuta.
_95158
830 0 _aAula magna ;
_v6
_9186555
852 _aES-MaACL
_jC-26532
_9R.54690
852 _aES-MaACL
_jC-26533
_9R.54704
999 _c171804
_d171804